00446nam a22001697a 450000500170000001000150001702000100003203500130004203700130005508200100006810000160007824500330009426000480012727000570017530000280023265000160026020100814160531.0 aENG-100542 c50.00 aEN-84075 bDBAD/PUB a519.3 aKavitha, R. aGame theory /cby R. Kavitha aThiruthuraipoondibMurugan Publishersc2007 a6/B, Munusif Court StreetbThiruthuraipoondie614713 a38p.:bill.c29cm (pbk) aGame Theory